| 000 | 00544nam a2200217Ia 4500 | ||
|---|---|---|---|
| 005 | 20250425161436.0 | ||
| 008 | 250425s9999 xx 000 0 und d | ||
| 020 | _a0136475868 | ||
| 041 | _aeng | ||
| 082 | _a547.23 | ||
| 100 | _aRINEHART, KENNETH L | ||
| 245 | 0 | _aOXIDATION AND REDUCTION OF ORGANIC COMPOUNDS | |
| 250 | _a1TH ED. | ||
| 260 | _aENGLEWOOD | ||
| 260 |
_aEstados Unidos _bPRENTICE-HALL _c1973 |
||
| 300 | _a148 | ||
| 650 | _aCOMPUESTOS ORGANICOS | ||
| 650 | _aOXIDACION Y REDUCCION | ||
| 942 | _c01 | ||
| 010 | _a20390 | ||
| 999 |
_c209325 _d209325 |
||